000 00379nam a2200157Ia 4500
008 230711s9999||||xx |||||||||||||| ||und||
041 _aENG
082 _a624
_bAM-H
100 _aAmitosh D
245 0 _aHeavy earth moving machinery
250 _a2nd Ed.
260 _c1989
_aNew Delhi
_bScientific Publication Ltd,
300 _a191
650 _aCivil Engineering
942 _cBK
999 _c735
_d735